[Event "GER M08-C email"]
[Site "GER email"]
[Date "2019.06.19"]
[Round "?"]
[White "Wapniewski, Kay Edgar"]
[Black "Kovac, Stanko"]
[Result "1/2-1/2"]
[WhiteElo "2392"]
[BlackElo "2410"]
[PlyCount "73"]
[EventDate "2019.??.??"]
[EventType "tourn (corr)"]
[EventRounds "10"]
[EventCountry "GER"]
[SourceTitle "Corr 2022"]
[Source "ChessBase"]
[SourceDate "2021.10.24"]
[SourceVersion "1"]
[SourceVersionDate "2021.10.24"]
[SourceQuality "1"]

1. e4 e5 2. Nf3 Nc6 3. Bb5 a6 4. Ba4 Nf6 5. 0-0 Bc5 6. c3 0-0 7. d4 Ba7 8. Bg5 h6 9. Bh4 exd4 10. Re1 d6 11. Bxc6 dxc3 12. Nxc3 bxc6 13. h3 Be6 14. Qd2 Re8 15. Rad1 Qe7 16. e5 dxe5 17. Nxe5 Qd6 18. Bxf6 Qxd2 19. Rxd2 gxf6 20. Nxc6 Bb6 21. Rc1 a5 22. b3 Kg7 23. Na4 Bf5 24. Kh2 Bg6 25. Kg3 h5 26. h4 Kh6 27. Rc4 Rac8 28. Nc5 Kg7 29. Rc1 Be4 30. Nxe4 Rxe4 31. f3 Re6 32. Rd5 Kh6 33. Kh3 Rg8 34. Nd4 Bxd4 35. Rxd4 Re2 36. g3 Rb8 37. Rxc7 1/2-1/2

[Event "GER M05-A email"]
[Site "GER email"]
[Date "2016.06.26"]
[Round "?"]
[White "Wapniewski, Kay Edgar"]
[Black "Broemme, Steffen"]
[Result "1/2-1/2"]
[WhiteElo "2384"]
[BlackElo "2429"]
[PlyCount "60"]
[EventDate "2016.??.??"]
[EventType "tourn (corr)"]
[EventRounds "15"]
[EventCountry "GER"]
[SourceTitle "Corr 2017"]
[Source "ChessBase"]
[SourceDate "2017.09.19"]
[SourceVersion "1"]
[SourceVersionDate "2017.09.19"]
[SourceQuality "1"]

1. d4 Nf6 2. c4 e6 3. Nc3 Bb4 4. e3 b6 5. Nge2 c5 6. a3 Ba5 7. Rb1 Na6 8. Ng3 Bb7 9. f3 0-0 10. Bd3 cxd4 11. exd4 Bxc3+ 12. bxc3 d5 13. cxd5 Nxd5 14. Qc2 Rc8 15. Bd2 h6 16. 0-0 Nb8 17. Rfc1 Ba6 18. Bxa6 Nxa6 19. Qd3 Nb8 20. c4 Nf6 21. Bb4 Re8 22. Rd1 Qd7 23. Qb3 Red8 24. a4 Nc6 25. Bc3 Qc7 26. Rbc1 Qf4 27. Qb2 Ne7 28. Be1 Qc7 29. Qa3 Nc6 30. Qb2 Qd7 1/2-1/2

[Event "GER M05-A email"]
[Site "GER email"]
[Date "2016.06.26"]
[Round "?"]
[White "Wapniewski, Kay Edgar"]
[Black "Schulz, Guenter"]
[Result "1/2-1/2"]
[WhiteElo "2384"]
[BlackElo "2379"]
[PlyCount "97"]
[EventDate "2016.??.??"]
[EventType "tourn (corr)"]
[EventRounds "15"]
[EventCountry "GER"]
[SourceTitle "Corr 2017"]
[Source "ChessBase"]
[SourceDate "2017.09.19"]
[SourceVersion "1"]
[SourceVersionDate "2017.09.19"]
[SourceQuality "1"]

1. d4 Nf6 2. c4 g6 3. Nc3 Bg7 4. e4 d6 5. Be2 0-0 6. Nf3 e5 7. 0-0 Nc6 8. d5 Ne7 9. Ne1 Nd7 10. f3 f5 11. Be3 b6 12. b4 a5 13. a3 fxe4 14. fxe4 Rxf1+ 15. Bxf1 Nf6 16. c5 Bg4 17. Nf3 Nf5 18. exf5 e4 19. cxd6 cxd6 20. bxa5 bxa5 21. fxg6 exf3 22. gxf3 Bh5 23. Rc1 hxg6 24. Be2 Qe7 25. Qd2 Rf8 26. Kg2 Nd7 27. Ne4 Ne5 28. Ng5 Bh6 29. Rf1 Qb7 30. h4 Bxg5 31. Bxg5 Qb3 32. Qe3 Rb8 33. Kg3 Qxe3 34. Bxe3 Rb2 35. Bd1 Rb1 36. Rg1 Ra1 37. a4 Nc4 38. Bd4 Ra3 39. Re1 Rd3 40. Ba7 Ne5 41. Rf1 Ra3 42. Rf2 Kf8 43. Bb8 Ke7 44. Rb2 Nxf3 45. Rb7+ Kd8 46. Bxd6 Rc3 47. Kf2 Nxh4 48. Bxh5 gxh5 49. Rh7 1/2-1/2

[Event "GER M03-B email"]
[Site "GER email"]
[Date "2014.06.01"]
[Round "?"]
[White "Hauff, Andre"]
[Black "Wapniewski, Kay Edgar"]
[Result "1/2-1/2"]
[WhiteElo "2361"]
[BlackElo "2402"]
[PlyCount "63"]
[EventDate "2014.??.??"]
[EventType "tourn (corr)"]
[EventRounds "14"]
[EventCountry "GER"]
[SourceTitle "Corr 2017"]
[Source "ChessBase"]
[SourceDate "2017.09.19"]
[SourceVersion "1"]
[SourceVersionDate "2017.09.19"]
[SourceQuality "1"]

1. d4 Nf6 2. c4 g6 3. f3 Bg7 4. e4 0-0 5. Nc3 d6 6. Be3 c5 7. Nge2 Nc6 8. d5 Ne5 9. Ng3 e6 10. Be2 exd5 11. cxd5 a6 12. a4 Bd7 13. 0-0 b5 14. h3 Nc4 15. Bxc4 bxc4 16. Qe2 Rb8 17. e5 Ne8 18. f4 dxe5 19. fxe5 Bxe5 20. Bxc5 Bd6 21. Nge4 Bxc5+ 22. Nxc5 Nd6 23. a5 Bf5 24. Qf2 Ra8 25. Rfe1 Qc7 26. Qd4 h5 27. Re2 Rfc8 28. N5e4 Nxe4 29. Nxe4 Qa7 30. Qxa7 Rxa7 31. Nf6+ Kf8 32. g4 1/2-1/2

[Event "GER M03-B email"]
[Site "GER email"]
[Date "2014.06.01"]
[Round "?"]
[White "Laube, Bernd"]
[Black "Wapniewski, Kay Edgar"]
[Result "1/2-1/2"]
[WhiteElo "2372"]
[BlackElo "2402"]
[PlyCount "74"]
[EventDate "2014.??.??"]
[EventType "tourn (corr)"]
[EventRounds "14"]
[EventCountry "GER"]
[SourceTitle "Corr 2017"]
[Source "ChessBase"]
[SourceDate "2017.09.19"]
[SourceVersion "1"]
[SourceVersionDate "2017.09.19"]
[SourceQuality "1"]

1. d4 Nf6 2. Nf3 g6 3. c4 Bg7 4. Nc3 d5 5. Qb3 dxc4 6. Qxc4 0-0 7. e4 a6 8. Qb3 b5 9. Be2 c5 10. dxc5 Bb7 11. e5 Nfd7 12. Be3 e6 13. 0-0 Qc7 14. a4 Nxc5 15. Qb4 Nxa4 16. Nxa4 bxa4 17. Rfc1 Qd7 18. Qh4 Nc6 19. Rd1 Qc7 20. Bc5 Rfd8 21. Bd6 Qb6 22. Qxa4 Rd7 23. Rd3 Qxb2 24. Rd2 Qb6 25. Rad1 Qd8 26. h4 Qe8 27. Bc4 Ne7 28. Ng5 Bc6 29. Qa2 Bd5 30. Bxd5 Nxd5 31. Ne4 h5 32. Rb1 a5 33. Rdb2 a4 34. Qa3 Bf8 35. Rb5 Be7 36. Qf3 Rc8 37. g3 Qd8 1/2-1/2

[Event "GER M03-B email"]
[Site "GER email"]
[Date "2014.06.01"]
[Round "?"]
[White "Wapniewski, Kay Edgar"]
[Black "Lebled, Pierre"]
[Result "1/2-1/2"]
[WhiteElo "2402"]
[BlackElo "2402"]
[PlyCount "99"]
[EventDate "2014.??.??"]
[EventType "tourn (corr)"]
[EventRounds "14"]
[EventCountry "GER"]
[SourceTitle "Corr 2017"]
[Source "ChessBase"]
[SourceDate "2017.09.19"]
[SourceVersion "1"]
[SourceVersionDate "2017.09.19"]
[SourceQuality "1"]

1. d4 Nf6 2. c4 g6 3. Nc3 d5 4. cxd5 Nxd5 5. e4 Nxc3 6. bxc3 Bg7 7. Bc4 c5 8. Ne2 Nc6 9. Be3 0-0 10. 0-0 Bg4 11. f3 Bd7 12. Rb1 Rc8 13. Bd3 Qc7 14. Qd2 Rfd8 15. Rfc1 Be8 16. d5 Ne5 17. c4 b6 18. Bf4 Qb7 19. Nc3 Nxd3 20. Qxd3 Bd4+ 21. Kh1 e6 22. a4 Qe7 23. Nb5 exd5 24. exd5 Bxb5 25. axb5 Re8 26. Bg3 Qe2 27. Qxe2 Rxe2 28. Re1 Ra2 29. h4 Rd8 30. Kh2 Kf8 31. Kh3 Rd7 32. Bf4 h5 33. Re4 Rc2 34. Rbe1 Rxc4 35. d6 Kg7 36. Re7 Rd8 37. Rxa7 Bf6 38. g3 Rxf4 39. gxf4 Rxd6 40. Re8 c4 41. Rc8 Bd4 42. Rcc7 Rf6 43. Rxc4 Bc5 44. Kg3 Rf5 45. Rd7 Bf8 46. Rcc7 Bc5 47. Rd3 Bb4 48. Rc1 Ba5 49. Rb1 Kf8 50. Rd7 1/2-1/2

[Event "GER M03-B email"]
[Site "GER email"]
[Date "2014.06.01"]
[Round "?"]
[White "Wapniewski, Kay Edgar"]
[Black "Mirbach, Thomas"]
[Result "1/2-1/2"]
[WhiteElo "2402"]
[BlackElo "2367"]
[PlyCount "52"]
[EventDate "2014.??.??"]
[EventType "tourn (corr)"]
[EventRounds "14"]
[EventCountry "GER"]
[SourceTitle "Corr 2017"]
[Source "ChessBase"]
[SourceDate "2017.09.19"]
[SourceVersion "1"]
[SourceVersionDate "2017.09.19"]
[SourceQuality "1"]

1. c4 e5 2. Nc3 Nf6 3. g3 Bb4 4. Bg2 0-0 5. Nf3 Re8 6. 0-0 e4 7. Nd4 Nc6 8. Nc2 Bxc3 9. dxc3 h6 10. Ne3 d6 11. Qc2 a5 12. Rd1 b6 13. a4 Nb8 14. b3 Bb7 15. Nd5 Na6 16. Rb1 Nc5 17. Be3 Ncd7 18. Bd4 Bc6 19. h3 Qc8 20. Be3 Qb7 21. Qd2 Qc8 22. g4 Bb7 23. Re1 Qd8 24. f4 Nxd5 25. cxd5 f5 26. gxf5 Qh4 1/2-1/2